000 00520nam a22001817a 4500
003 CEME
005 20210628204143.0
008 210112b xxu||||| |||| 00| 0 eng d
020 _a9788131788189
040 _cceme
082 _a004.6 BEY
100 _aBeyda, William.J
_968993
245 _aData communications , from basics to broadband
260 _aINDIA
_bPEARSON EDUCATION
_c2012
300 _aXV, 377P
650 _aDATA COMMUNICATIONS.DATA COMMUNICATIONS-FROM BASICS TO BROADBAND
_968994
942 _cBK
_2ddc
999 _c576425
_d576425